| 000 | 00766nam a22002177a 4500 | ||
|---|---|---|---|
| 005 | 20251108164211.0 | ||
| 008 | 250721s1984 xx 000 0 ara d | ||
| 082 | 1 | 4 | _aط/171.56/جري |
| 100 | 1 | _aهارتمان، | |
| 245 | 1 | 0 | _aالجريدة و الصحافة عند المسلمين / |
| 264 | 1 |
_aبيروت : _bدار الكتاب اللبناني : مكتبة المدرسة، _c1984. |
|
| 300 | _a180ص | ||
| 490 | 0 | _aكتب دائرة المعارف الاسلامية ؛ 11 | |
| 650 | 1 | 7 | _aالصحافة |
| 650 | 1 | 7 | _aالبلدان العربية |
| 700 | 1 |
_aخورشيد، إبراهيم _eترجمة |
|
| 700 | 1 |
_aيونس، عبد الحميد _eترجمة |
|
| 700 | 1 |
_aعثمان، حسن _eترجمة |
|
| 942 |
_2ddc _cBK |
||
| 999 |
_c6197 _d6197 |
||